Statistics for Human anatomy quiz easy

Click here to take the quiz!

General Stats

  • This quiz has been taken 69 times
  • The average score is 11 of 13

Answer Stats

HintAnswer% Correct
Is your body mostly made of wateryes
100%
The most important organ in the bodybrain
98%
true or false: we have 3 lungsfalse
95%
Is the ear made of boneno
94%
Strongest bone in the bodyfemur
87%
What organ breaks down foodstomach
87%
Useless organappendix
85%
Biggest organ INSIDE the bodyliver
84%
How many bones does an adult have206
74%
What is the biggest artery in your bodyaorta
74%
What takes blood away from the heartartery
73%
Name for the dangly thing in your throatuvula
50%
Name for the 'funny' bonehumerus
48%

Score Distribution

Percentile by Number Answered

Percent of People with Each Score

Your Score History

You have not taken this quiz